[Event "Santa Eugenia op 10th"]
[Site "Santa Eugenia"]
[Date "2015.??.??"]
[Round "5"]
[White "Turon Crosa, Isaac"]
[Black "Verano Costentin, Abraham"]
[Result "0-1"]
[WhiteElo "1711"]
[BlackElo "1828"]
[PlyCount "42"]
[EventDate "2015.04.17"]
[EventType "swiss"]
[EventRounds "9"]
[EventCountry "ESP"]
[SourceTitle "EXT 2016"]
[Source "ChessBase"]
[SourceDate "2015.10.08"]
[SourceVersion "1"]
[SourceVersionDate "2015.10.08"]
[SourceQuality "1"]

1. d4 Nf6 2. Nf3 Nc6 3. e3 g6 4. Bd3 Bg7 5. 0-0 d5 6. Nc3 0-0 7. b3 Re8 8. Re1 e5 9. Bb5 e4 10. Ne5 Bd7 11. Bxc6 bxc6 12. Na4 Rxe5 13. dxe5 Bg4 14. Qd2 Nd7 15. Bb2 Qg5 16. Kh1 Nxe5 17. Rg1 Nf3 18. Qc1 Nxh2 19. Re1 Nf3 20. g3 Qh5+ 21. Kg2 Qh3# 0-1

[Event "Santa Eugenia op 10th"]
[Site "Santa Eugenia"]
[Date "2015.??.??"]
[Round "2"]
[White "Verano Costentin, Abraham"]
[Black "Garcia Zafra, Selena"]
[Result "1-0"]
[WhiteElo "1828"]
[BlackElo "1706"]
[PlyCount "77"]
[EventDate "2015.04.17"]
[EventType "swiss"]
[EventRounds "9"]
[EventCountry "ESP"]
[SourceTitle "EXT 2016"]
[Source "ChessBase"]
[SourceDate "2015.10.08"]
[SourceVersion "1"]
[SourceVersionDate "2015.10.08"]
[SourceQuality "1"]

1. Nf3 d5 2. d4 Bf5 3. e3 Nf6 4. Bd3 Bg4 5. 0-0 Nc6 6. c3 e6 7. Nbd2 Bd6 8. e4 Be7 9. e5 Nd7 10. Re1 0-0 11. Qc2 Bf5 12. Bxf5 exf5 13. Qxf5 g6 14. Qd3 a6 15. a3 Qe8 16. e6 fxe6 17. Rxe6 Ndb8 18. Ne5 Nxe5 19. Rxe5 Qf7 20. Nf3 Nd7 21. Re2 Rae8 22. Bh6 c5 23. Rae1 Nf6 24. Ne5 Qe6 25. Nxg6 Qf7 26. Nxe7+ Kh8 27. dxc5 a5 28. Bxf8 Rxf8 29. Qg3 Nh5 30. Qe5+ Ng7 31. Nxd5 a4 32. Qd4 h6 33. Re7 Qg8 34. Nf6 Nf5 35. Qe5 Qg6 36. Rh7+ Qxh7 37. Nxh7+ Kxh7 38. Qc7+ Ng7 39. Re7 1-0

[Event "Santa Eugenia op 9th"]
[Site "Santa Eugenia"]
[Date "2014.05.23"]
[Round "5"]
[White "Verano Costentin, Abraham"]
[Black "Pasto Benham, Francesc"]
[Result "0-1"]
[WhiteElo "1700"]
[BlackElo "1856"]
[PlyCount "76"]
[EventDate "2014.04.25"]
[EventType "swiss"]
[EventRounds "9"]
[EventCountry "ESP"]
[SourceTitle "EXT 2015"]
[Source "ChessBase"]
[SourceDate "2014.11.20"]
[SourceVersion "1"]
[SourceVersionDate "2014.11.20"]
[SourceQuality "1"]

1. Nf3 Nf6 2. d4 g6 3. e3 Bg7 4. Bd3 d6 5. e4 Bg4 6. c3 0-0 7. 0-0 e5 8. Re1 Nbd7 9. Nbd2 Nh5 10. Nf1 exd4 11. cxd4 Bxd4 12. h3 Bxf3 13. Qxf3 Ne5 14. Qd1 Qf6 15. Be3 Bxb2 16. Rb1 Nxd3 17. Qxd3 b6 18. Rxb2 Qxb2 19. g4 Ng7 20. Bd4 Qxa2 21. Qe3 f6 22. Qh6 Qa5 23. Qc1 Ne6 24. Bc3 Qg5 25. Bd2 Qe5 26. f4 Qc5+ 27. Be3 Qxc1 28. Rxc1 c5 29. Nd2 Rad8 30. Nf3 d5 31. f5 Nd4 32. Nxd4 cxd4 33. Bh6 Rc8 34. Rd1 Rc3 35. Bxf8 Kxf8 36. Rxd4 dxe4 37. Rxe4 gxf5 38. Rf4 Rxh3 0-1

[Event "Santa Eugenia op 9th"]
[Site "Santa Eugenia"]
[Date "2014.05.09"]
[Round "3"]
[White "Verano Costentin, Abraham"]
[Black "Perolet Perez, Miquel"]
[Result "1-0"]
[WhiteElo "1700"]
[BlackElo "1859"]
[PlyCount "109"]
[EventDate "2014.04.25"]
[EventType "swiss"]
[EventRounds "9"]
[EventCountry "ESP"]
[SourceTitle "EXT 2015"]
[Source "ChessBase"]
[SourceDate "2014.11.20"]
[SourceVersion "1"]
[SourceVersionDate "2014.11.20"]
[SourceQuality "1"]

1. Nf3 d5 2. d4 Bf5 3. e3 Nf6 4. Bd3 Ne4 5. 0-0 h6 6. Nbd2 e6 7. Qe2 Bd6 8. c3 Nd7 9. Re1 Ndf6 10. c4 Ng4 11. cxd5 exd5 12. Bxe4 dxe4 13. Ne5 h5 14. Qb5+ Bd7 15. Qxb7 Nf6 16. Nxe4 0-0 17. Nxf6+ gxf6 18. Nxd7 Qxd7 19. Qf3 Qg4 20. Qxf6 Bb4 21. f3 Qe6 22. Qxe6 fxe6 23. Rf1 Kf7 24. a3 Bd6 25. e4 Rab8 26. e5 Be7 27. f4 Kg6 28. b4 Kf5 29. Bb2 Rg8 30. Rac1 Bd8 31. Kf2 a5 32. Bc3 Be7 33. Rb1 a4 34. Kf3 h4 35. Rfd1 c6 36. Rg1 Rg4 37. g3 Rbg8 38. b5 cxb5 39. Bb4 Bxb4 40. Rxb4 Rc8 41. Rxb5 Rc3+ 42. Kf2 Rxa3 43. d5 hxg3+ 44. hxg3 exd5 45. Rxd5 Ke4 46. Rb5 Ra2+ 47. Ke1 Rg8 48. e6 Re8 49. Re5+ Kf3 50. Rf1+ Kxg3 51. Rg5+ Kh3 52. Rh1+ Rh2 53. Rh5+ Kg3 54. R1xh2 Rxe6+ 55. Kd2 1-0